| 000 | 01073pam a2200277 a 4500 | ||
|---|---|---|---|
| 001 | 3507265 | ||
| 003 | NUST-PNEC | ||
| 005 | 20170116180733.0 | ||
| 008 | 950823s1996 njua b 001 0 eng | ||
| 010 | _a 95040606 | ||
| 020 | _a0133867072 | ||
| 040 |
_aDLC _cPNEC |
||
| 050 | 0 | 0 |
_aQA76.76.O63 _bW367 1996 |
| 082 | 0 | 0 |
_a005.4469 WAT _220 |
| 100 | 1 |
_aWaters, Frank _q(Frank C. H.) |
|
| 245 | 1 | 0 |
_aAIX performance tuning / _cFrank Waters. |
| 260 |
_aUpper Saddle River, N.J. : _bPrentice Hall PTR, _cc1996. |
||
| 300 |
_axvii, 316 p. : _bill. ; _c24 cm. |
||
| 500 | _aIncludes index. | ||
| 504 | _aIncludes bibliographical references (p. 303) and index. | ||
| 630 | 0 | 0 |
_aAIX (Computer file) _xMIS, Computer |
| 856 | _uhttp://www.amazon.com/Performance-Tuning-Guide-Frank-Waters/dp/0133867072/ref=sr_1_1?ie=UTF8&qid=1416385035&sr=8-1&keywords=0133867072 | ||
| 906 |
_a7 _bcbc _corignew _d1 _eocip _f19 _gy-gencatlg |
||
| 942 |
_2ddc _cBK |
||
| 999 |
_c61849 _d61849 |
||